Random Sequential U.S. States on a Map - Whammies - Statistics

General Stats
  • This quiz has been taken 38 times
  • The average score is 27 of 50
Answers on the Map
Answers color-coded by a green-red scale on the quiz's map according to % correct below.
 
Answer Stats
State % Correct
Illinois
76%
California
65%
Idaho
65%
Maine
65%
South Dakota
65%
Arizona
59%
Arkansas
59%
Connecticut
59%
Florida
59%
Georgia
59%
Louisiana
59%
Minnesota
59%
Missouri
59%
North Dakota
59%
Oklahoma
59%
Rhode Island
59%
South Carolina
59%
Utah
59%
Wisconsin
59%
Wyoming
59%
Alaska
53%
Colorado
53%
Indiana
53%
Iowa
53%
Kansas
53%
Kentucky
53%
Maryland
53%
Michigan
53%
Nebraska
53%
Nevada
53%
New Hampshire
53%
North Carolina
53%
Ohio
53%
Oregon
53%
Pennsylvania
53%
Tennessee
53%
Vermont
53%
Virginia
53%
Washington
53%
Alabama
47%
Delaware
47%
Hawaii
47%
Massachusetts
47%
Mississippi
47%
Montana
47%
New Jersey
47%
New Mexico
47%
New York
47%
Texas
47%
West Virginia
47%
No matching quizzes found
Score Distribution
Percent of People with Each Score
Percentile by Number Answered
Your Score History
You have not taken this quiz